| 000 | 00372nam a2200157Ia 4500 | ||
|---|---|---|---|
| 008 | 151213s9999 xx 000 0 und d | ||
| 100 | _aW. Faulkner | ||
| 245 |
_aGo Down, Moses _cW. Faulkner |
||
| 250 | _a1st | ||
| 260 |
_aAustralia _bPanguing Book _c1942 |
||
| 300 | _a4300 p. | ||
| 650 | _aLiterature | ||
| 650 | _aLiterature | ||
| 700 | _aW. Faulkner | ||
| 999 |
_c2714 _d2714 |
||